|
|
|
|
| LEADER |
00882ncm a22002412a 4500 |
| 001 |
001260253 |
| 003 |
CZ BrMZK |
| 005 |
20121023181522.0 |
| 007 |
qu |
| 008 |
121023s1925 gw |||||||||||||||||ger d |
| 040 |
|
|
|a BOA001
|b cze
|
| 072 |
|
7 |
|a 784
|x Vokální hudba
|2 Konspekt
|9 9
|
| 100 |
1 |
|
|a Schubert, Franz,
|d 1797-1828
|7 jn19990007813
|4 cmp
|
| 245 |
1 |
0 |
|a Chorwerke.
|n Bd. 1
|h [hudebnina] :
|b für gemischten Chor : in Partitur mit unterlegtem Klavier-Auszuge /
|c Franz Schubert ; hrsg. von Alfred Dörffel
|
| 260 |
|
|
|a Leipzig :
|b Peters,
|c [1925?]
|
| 300 |
|
|
|a 1 partitura (126 s.)
|
| 490 |
1 |
|
|a Edition Peters ;
|v Nr. 1045
|
| 700 |
1 |
|
|a Dörffel, Alfred,
|d 1821-1905
|7 xx0011284
|4 edt
|
| 830 |
|
0 |
|a Edition Peters
|
| 910 |
|
|
|a BOA001
|b Mus4-0537.957,1
|
| 990 |
|
|
|a MU
|
| 991 |
|
|
|b 201210
|
| 996 |
6 |
|
|b 2619079098
|c Mus4-0537.957,1
|l MZK
|r Sklad / do 1 hodiny
|n 0
|w 001294158
|u 000010
|a 1
|e BOA001
|j MZK50
|s P
|